000 00876pam a2200289 a 4500
999 _c534454
_d534454
001 4769741
003 NUST
005 20200225113351.0
008 860610s1986 maua 000 0 eng
010 _a 86014772
020 _a0316103098 (pbk.)
020 _a0316107247
038 _awaseem
040 _aDLC
_cDLC
_dDLC
050 0 0 _aPN6728.B57
_bB68 1986
082 0 0 _a741.5973
_bBRE
100 1 _aBreathed, Berke.
_97858
240 1 0 _aBloom County.
_kSelections
245 1 0 _aBloom County Babylon :
_bfive years of basic naughtiness /
_cBerke Breathed.
250 _a1st ed.
260 _aBoston :
_bLittle, Brown,
_cc1986.
300 _a224 p. :
_bill. (some col.) ;
_c28 cm.
500 _a"A Bloom County book."
500 _aSelections from the author's comic strip, Bloom County.
906 _a7
_bcbc
_corignew
_d1
_eocip
_f19
_gy-gencatlg
942 _2ddc
_cBK